000 nam a22 7a 4500
999 _c9785
_d9785
008 180208b ||||| |||| 00| 0 eng d
100 _aRolland, R
_95881
245 _avivekananda whose mission awaits
260 _aNew Delhi
_bFarsingh Publication
_c2010